000
00245nam a2200097Ia 4500
005
20251222114352.0
008
251222s1900||||xx |||||||||||||| ||spa||
082
_a
DVD0010/S84E/1968
245
0
_a
Estación polar zebra:Ice Station Zebra
942
_c
DVD
999
_c
1289
_d
1289